000 00682nam a22002051c 4500
001 ht004115183
008 051024s1986 gw |||| 000u ger d
020 _a3515040153
_93-515-04015-3
041 _ager
100 1 _aBartel, Heinrich
245 0 0 _aFrankreich und die Sowjetunion 1938-1940 :
_be. Beitr. zur franz. Ostpolitik zwischen d. Muenchner Abkommen u. d. Ende d. Dritten Republik
264 _aStuttgart :
_bSteiner,
_c1986
300 _a396 S.
502 _aTeilw. zugl.: Bonn, Univ., Diss., 1982
655 0 _aHochschulschrift
942 _cMG
040 _cRU-10907106
003 RU-10907106
999 _c6193
_d6193
490 0 _aQuellen und Studien zur Geschichte des östlichen Europa
_v24